| 000 | 00496nam a2200169 a 4500 | ||
|---|---|---|---|
| 005 | 20140412111244.0 | ||
| 008 | 010809s19uu xx 00 eng d | ||
| 020 | _a1-56144-303-4 | ||
| 050 |
_aER _bAe88 1995 |
||
| 245 |
_aAesop's fables : _bthe town mouse & country mouse; the boy who cried wolf. |
||
| 260 |
_aNew York : _bModern Publishing, _c1995. |
||
| 300 | _a1v. (unp.) ; ill. | ||
| 440 | _aHoney Bear Books - 2 in 1 tales | ||
| 650 | _aFables | ||
| 650 | _aFolktales | ||
| 999 |
_c102870 _d102870 |
||